01164nam a2200193Ia 4500001001100000003001000011008004100021040002500062041001300087100001800100245007500118250001100193260009200204300001200296500026000308501011400568520026000682650002800942L954-44513IT-CnALBA170116s9999||||xx |||||||||||||| ||und|| aIT-CnALBAcIT-CnALBA aITALIANO aRADIUS PIETRO 0aAMERICA. RISCOPERTA. VIAGGIO TRA I POPOLI PRECOLOMBIANI. D ANNI DOPO.  a1a ed. aCINISELLO BALSAMO (MI)bEDIZIONI PAOLINEc1991 [1° Ed.:1991 - Ed.Ling.Originale: 1991] a320 p.  aFAMIGLIA CRISTIANA. INSERTO. AGASSO D. DE CASTRO R. MARCHIORI M. COLOMBO. LA REGINA ISABELLA DI CASTIGLIA. I CUMA. ELDORADO. EREDI DEGLI ATZECHI. MOCTEZUMA. ULTIMI MAYA. I CANELA DEL MARANHAO. CILE, I MAPUDHE. GENTE DELLA TERRA. PERU', INCA. ARGENTINA, I  aSocietà San Paolo EM - Piazza San Paolo, 14 - 12051 ALBA (CN) (non commercial uses only) ® Copyright 2017 aFAMIGLIA CRISTIANA. INSERTO. AGASSO D. DE CASTRO R. MARCHIORI M. COLOMBO. LA REGINA ISABELLA DI CASTIGLIA. I CUMA. ELDORADO. EREDI DEGLI ATZECHI. MOCTEZUMA. ULTIMI MAYA. I CANELA DEL MARANHAO. CILE, I MAPUDHE. GENTE DELLA TERRA. PERU', INCA. ARGENTINA, I  aSECONDA GUERRA MONDIALE